LEADER 01037nam a2200253 u 4500 001 000000088003 003 CaOOAMICUS 005 20150708123209.0 008 051021s1954 it u000 u ita u 035 $a11065310 040 $aPUL(R)$bita 245 10$aEresie del secolo /$c[Ceriani ... et al.]. 250 $a3. ed. 260 $aAssisi :$bPro civitate christiana,$c1954. 300 $a349 p.$c20 cm 504 $aBibliografia in nota. 650 4$aEresie ed eretici.$0(OLS)http://pul/subject/770 700 1 $aCeriani, Grazioso,$csac.$0(OLS)http://pul/name/7618 850 $aPUL 852 $aPUL$W1$xDP1 Fondo Pastorale$y55$mP4 C 15$j111526$nBK-PRI$b $qFondi$B111526$CPULBib$Z2$F111526 $HPUL274 $81 852 $aPUL$W1$xDP1 Fondo S. Lanza$y121$m3 G 26$j167067$qFondi$B167651$CPULBib$Z2$F167651 $HLAN1045 $82 941 1 $a1 996 $6245$aEresie del secolo$9(OLS)http://pul/title/73132 996 $6260$aAssisi :$bPro civitate christiana$9(OLS)http://pul/publisher/68798 LEADER 01657nam a2200349 u 4500 001 000000022674 003 CaOOAMICUS 005 20070226111142.0 008 070226s1957 it fh u000 u lat u 035 $a10569433 040 $aPUL(R)$bita$dPUL(R) 041 0 $aita$alat 110 2 $aPapi (1878-1903 : Leo PP. XIII).$0(OLS)http://pul/name/1187 240 10$aRerum novarum.$0(OLS)http://pul/title/31579 245 12$aL'enciclica Rerum novarum :$btesto autentico e redazioni preparatorie dai documenti originali /$ca cura di mons. Giovanni Antoniazzi ; prefazione di S. E. mons. Domenico Tardini. 260 $aRoma :$bEdizioni di Storia e Letteratura,$c1957. 300 $ax, 232, [7] p. di tav. :$bill. (facs.) ;$c34 cm 500 $aComprende indice. 500 $aTesto su due colonna. 504 $aBibliografia in nota. 700 1 $aTardini, Domenico,$ccard.,$d1888-1961.$0(OLS)http://pul/name/19234 700 1 $aAntonazzi, Giovanni,$d1913-2007.$0(OLS)http://pul/name/1859 850 $aPUL 852 $aPUL$W1$xDP1 Fondo Maccarrone$y58$m1523 C 28$j31792$nBK-PRI$b $qFondi$B31792$CPULBib$Z2$F31792 $81 852 $aPUL$W1$xSL Filosofia 1$y2$m112 H 45$j31793$nBK-PRI$b $qStampati$B31793$CPULBib$Z2$F31793 $81 900 $aLeo PP.$bXIII,$d1810-1903$91187 900 $aLeo PP.$bXIII,$d1810-1903$91187 941 1 $a8 941 1 $a1 961 $aINV: Ex libris Francisci card. Roberti. 996 $6245$aL'enciclica Rerum novarum :$btesto autentico e redazioni preparatorie dai documenti originali$9(OLS)http://pul/title/31580 996 $6260$aRoma :$bEdizioni di Storia e Letteratura$9(OLS)http://pul/publisher/48123